00502 2200193 4500001002100000005001500021035002000036245003900056100001400095250000600109300003300115260003200148082001400180084002000194020002200214008004100236650002000277990001100297INLIS00000000000085920240827023943 a0010-03200000121 aHafalan Shalat Delisa /cTere Liye0 aTere Liye a1 avi+270 hlm :bIlust ;c20 cm aJakarta :bRepublika,c2005 a899.221'3 a899.221'3 TER h a978-979-321-060-5240827 0  4aFiksi Indonesia a001515